[Event "Pardubice Region-chT 2223"]
[Site "Czech Republic"]
[Date "2022.11.27"]
[Round "4.2"]
[White "Smutny, Jan"]
[Black "Nespurek, Jakub"]
[Result "0-1"]
[WhiteElo "2186"]
[BlackElo "1662"]
[PlyCount "88"]
[EventDate "2022.10.09"]
[EventType "team-tourn"]
[EventRounds "11"]
[EventCountry "CZE"]
[SourceTitle "EXT 2024"]
[Source "ChessBase"]
[SourceDate "2023.10.10"]
[SourceVersion "1"]
[SourceVersionDate "2023.10.10"]
[SourceQuality "1"]

1. d4 g6 2. e4 Bg7 3. c4 d6 4. Nc3 Nd7 5. Be2 c5 6. d5 Ngf6 7. g4 Nb6 8. h4 h5 9. gxh5 Nxh5 10. Bg5 Bd7 11. Qd2 a6 12. 0-0-0 Na4 13. Nxa4 Bxa4 14. Rf1 Bd7 15. Nh3 b5 16. Nf4 Nxf4 17. Bxf4 bxc4 18. Bxc4 Bb5 19. Be2 Rb8 20. b3 Bxe2 21. Qxe2 c4 22. e5 cxb3 23. a4 Qc7+ 24. Kb1 dxe5 25. Bc1 Qc2+ 26. Qxc2 bxc2+ 27. Kxc2 Kd7 28. f4 Rhc8+ 29. Kd3 Rb3+ 30. Ke2 exf4 31. Bxf4 Rc2+ 32. Kd1 Ra2 33. Bc1 Rb1 34. Rh3 Rxc1+ 35. Kxc1 Ra1+ 36. Kc2 Rxf1 37. h5 gxh5 38. Rxh5 Rf4 39. Kb3 Kd6 40. Rg5 Be5 41. Rg8 Kxd5 42. Ra8 Rf3+ 43. Kc2 Rc3+ 44. Kd2 Rc6 0-1